000 00745nam a22002657a 4500
001 6736
003 FISKH
005 20250523114742.0
008 250523b cb ||||| |||| 00| 0 eng d
020 _a9781429617567
040 _aFISKH
_beng
_cFISKH
_dFISKH
050 _aHQ759.S2735
082 _a306.874
100 _aSchaefer, Lola M.
245 _aMothers /
_cby Lola M. Schaefer
260 _aMinessota :
_bCapstone Press,
_c2008.
300 _a24 pages :
_bcolor illustrations ;
_c18 cm
505 _aC
520 _aSimple text and photographs depict mothers and what they do with their children.
521 8 _a90
_bLexile
521 8 _aC
_bRaz-Plus
650 _aFamily
_vHomes
942 _2ddc
_cBK
_n0
999 _c6736
_d6736